| 000 | 00773cam a2200205 4500 | ||
|---|---|---|---|
| 001 | WS125641 | ||
| 008 | 040329n 000 0 eng u | ||
| 035 | _a(Sirsi) u125641 | ||
| 110 |
_aWood Recyclers' Association _94610 |
||
| 245 | _aWood Recyclers' Association | ||
| 520 | _aWeb site for this organisation which aims to promote the wood recycling industry and disseminates advice and guidance tot eh sector. Includes details of how to recycle wood and a list of members. | ||
| 650 | _aORGANISATION | ||
| 650 | _aRECYCLING | ||
| 650 | _aWOOD | ||
| 650 | _aLANDFILL | ||
| 650 |
_aEnvironment _96238 |
||
| 690 | _aBUILT ENVIRONMENT-BUILDING MATERIALS | ||
| 856 | 4 | 0 |
_uhttps://www.woodrecyclers.org/ _zView the document free of charge at woodrecyclers.org |
| 942 | _n0 | ||
| 999 |
_c120427 _d120427 |
||